| 000 | nam a22 7a 4500 | ||
|---|---|---|---|
| 999 |
_c332126 _d332126 |
||
| 003 | NUST | ||
| 005 | 20171114103842.0 | ||
| 008 | 171114b xxu||||| |||| 00| 0 eng d | ||
| 040 | _c0 | ||
| 082 | _a553.28 AHM | ||
| 100 |
_aAhmed,Rashid _9342 |
||
| 245 |
_aTurnkey Surface Development of Petroleum Fields: _bmultidisciplinary project engineering and management art for economic efficient and environmentally compatible exploitation of Gas associated gas-oil gas-condensate and heavy oil reserves. _cRashid Ahmed |
||
| 260 |
_aSialkot _bTWREEC _c1991 |
||
| 300 | _a410p | ||
| 500 | _aH.B | ||
| 942 |
_2ddc _cBK _kIESE |
||